| 000 | 00709cab a22001935a 4500 | ||
|---|---|---|---|
| 001 | L137971 | ||
| 008 | 070510e2007 xxk f 000 0 eng d | ||
| 035 | _a(Sirsi) u137971 | ||
| 041 | 0 | _aeng | |
| 100 | 1 | _aFrench, Nick | |
| 245 | 0 | 0 | _aRack rented freehold valuations by spreadsheet |
| 260 | _c2007 | ||
| 490 | 0 |
_aJournal of Property Investment and Finance _v25(3) 2007, 322-332(11) |
|
| 520 | _aDiscusses the different approaches to designing spreadsheets, from simple static models to more complex flexible models. Illustrates the construction of spreadsheets using working models. | ||
| 590 | _aKA | ||
| 651 | 4 |
_aUnited Kingdom _y |
|
| 690 | _aPROPERTY-PROPERTY APPRAISAL AND VALUATION | ||
| 942 | _n0 | ||
| 999 |
_c78757 _d78757 |
||